[Event "American Continental 2nd"]
[Site "Buenos Aires"]
[Date "2003.08.19"]
[Round "3"]
[White "Onischuk, Alexander"]
[Black "Pierrot, Juan Facundo"]
[Result "0-1"]
[WhiteElo "2657"]
[BlackElo "2417"]
[Annotator "Ftacnik,L"]
[PlyCount "96"]
[EventDate "2003.08.17"]
[EventType "swiss"]
[EventRounds "11"]
[EventCountry "ARG"]
[SourceTitle "CBM 097"]
[Source "ChessBase"]
[SourceDate "2003.11.11"]
[SourceVersion "1"]
[SourceVersionDate "2003.11.11"]
[SourceQuality "1"]

1. d4 Nf6 2. Nf3 g6 3. c4 Bg7 4. Nc3 d5 5. Qb3 dxc4 6. Qxc4 O-O 7. e4 Bg4 8.
Be3 Nfd7 9. Rd1 Nc6 10. Qb3 e5 11. dxe5 Ncxe5 12. Be2 Be6 13. Qc2 Nxf3+ 14.
Bxf3 c6 15. O-O Qe7 {Black should have fair chances to keep balance despite
white's kingside majority.} 16. Be2 Rfd8 17. f4 Nb6 (17... Nc5 18. Bf3 (18. b4
$2 Nxe4 $1 19. Nxe4 Bf5 20. Rxd8+ Rxd8 21. Bd3 Bxe4 22. Bxe4 Re8 23. Rd1 h6 24.
Bxa7 Qxe4 $15) 18... b6 (18... Bf5 19. Bf2 Bd7 20. Nd5 cxd5 21. Bxc5 Qf6 22.
exd5 $16) 19. e5 Bf5 20. Ne4 $14) 18. Bf2 Rxd1 (18... Qb4 19. f5 gxf5 20. exf5
Bc4 $11) 19. Rxd1 Rd8 20. b3 (20. Rd3 Re8 21. Rd1 Rd8 $11) 20... Rxd1+ 21. Nxd1
(21. Bxd1 Qb4 22. Ne2 h6 23. Ng3 Bd4 $11) 21... Qd8 22. Ne3 (22. f5 gxf5 23.
exf5 Bd7 24. Ne3 Qf6 $13) 22... Bd4 23. g3 (23. f5 gxf5 (23... Bd7 24. Qd3 c5
25. Ng4 Bxf2+ 26. Kxf2 h5 27. Ne5 Qh4+ 28. Qg3 Qxe4 29. fxg6 $14) 24. exf5 Bd5
25. Qd3 Qf6 26. Nxd5 Bxf2+ 27. Kxf2 Nxd5 $11) 23... a5 24. Kg2 (24. Ng4 Bxf2+
25. Kxf2 Qd4+ 26. Kg2 a4 $11) 24... Qd6 25. Qd2 Qc5 26. f5 Bd7 (26... gxf5 27.
exf5 Bxf5 $2 28. Nxf5 Bxf2 29. Qg5+ $1 Kf8 30. Qd8#) 27. f6 Qb4 28. Qd3 $6 {
Onischuk should have tried his luck in the very pleasant endgame after 28.Qxb4.
} (28. Qxb4 axb4 29. Nd1 c5 (29... Bxf2 30. Nxf2 Be6 31. g4 g5 32. Nd3 Nd7 33.
e5 c5 34. Bf3 b5 35. Bc6 c4 36. Bxd7 Bxd7 37. bxc4 bxc4 38. Nxb4 Bxg4 39. Kf2
$16) 30. Bxd4 cxd4 31. Kf3 Bc6 32. Kf4 Nd7 33. Nf2 (33. e5 $2 h6 34. h4 Nc5 $11
) 33... h6 34. g4 g5+ (34... Nxf6 35. Ke5 Nh7 36. Kxd4 $16) 35. Kf5 $16) 28...
Qc5 29. Bf3 h5 30. Qd2 Bc3 (30... Qb4 31. Qxb4 axb4 32. g4 Bxf6 33. gxh5 gxh5
34. Bxh5 Bd4 $14) 31. Nf1 Qb4 (31... Qb5 32. Qc2 (32. Qxc3 Bh3+ 33. Kxh3 Qxf1+
34. Bg2 Qxf2 $17) 32... Nc8 (32... Bxf6 33. Be2 Qb4 34. Bc5 $18) 33. Qxc3 Bh3+
34. Kxh3 Qxf1+ 35. Bg2 Qxf2 36. Qe5 Kh7 37. Qc7 Qxf6 38. Qxc8 $16) 32. Qd3 c5
33. Qd6 (33. a3 Qb5 34. Qxc3 Bh3+ 35. Kxh3 Qxf1+ 36. Bg2 Qxf2 37. Qe5 Nd7 38.
Qf4 Qd4 $15) 33... Bd4 34. e5 Bxf2 35. Kxf2 c4 36. Qb8+ $2 (36. Bxb7 cxb3 37.
axb3 Qxb3 38. Nd2 Qb4 39. Qxb4 axb4 40. Ke3 $14) 36... Kh7 37. Qxb7 $6 {
Two mistakes have turned the tables, white will experience enormous problems
just to slow down black's a pawn.} (37. Bxb7 cxb3 38. axb3 Be6 (38... Qxb3 $2
39. Qf8 $18) 39. Qd6 Bxb3 40. Nd2 Bd5 41. Qxb4 axb4 42. Bxd5 Nxd5 43. Kf3 $11)
37... cxb3 38. axb3 Be6 (38... Qxb3 39. Ne3 Be6 $17) 39. Ne3 Bxb3 (39... Qxb3
40. Be2 a4 41. Bd1 Qb2+ 42. Nc2 a3 43. Qe7 Qxe5 44. Qxa3 (44. Nxa3 Qd4+ 45. Ke1
Nd5 $19) 44... Nc4 45. Qd3 Qxf6+ $17) 40. g4 (40. Be2 Be6 41. Qb8 Nd7 $17)
40... hxg4 41. Nxg4 (41. Bxg4 Qf4+ 42. Bf3 Qd4 $17) 41... Be6 42. Kg3 Nd7 43.
Qxb4 axb4 {White is lost, since his pawn structure is too exposed.} 44. Kf4 b3
45. Be4 Bxg4 46. Kxg4 Nxe5+ 47. Kg5 b2 48. h4 Nf3+ 0-1

[Event "Nagykanizsa 1st"]
[Site "Nagykanizsa"]
[Date "2003.11.07"]
[Round "3"]
[White "Gyimesi, Zoltan"]
[Black "Flumbort, Andras"]
[Result "1-0"]
[WhiteElo "2537"]
[BlackElo "2467"]
[Annotator "Ftacnik,L"]
[PlyCount "61"]
[EventDate "2003.11.05"]
[EventType "tourn"]
[EventRounds "11"]
[EventCountry "HUN"]
[EventCategory "11"]
[SourceTitle "CBM 099"]
[Source "ChessBase"]
[SourceDate "2004.03.30"]
[SourceVersion "1"]
[SourceVersionDate "2004.03.30"]
[SourceQuality "1"]

1. d4 Nf6 2. c4 g6 3. Nc3 d5 4. Nf3 Bg7 5. Qb3 dxc4 6. Qxc4 O-O 7. e4 Nc6 8.
Be2 Bg4 9. d5 Na5 10. Qb4 Bxf3 11. Bxf3 c6 12. O-O Qb6 13. Qxe7 $146 {[%mdl 8]
Gyimesi is trying to improve for white in a variation, that is quite
irritating for white. Black's concept with 12...Qb6 had brought him reasonable
success in the past.} (13. Qa4 Nd7 14. Be3 (14. Rd1 Nc5 15. Qc2 Nc4 16. Be2 Qb4
17. a3 Qb3 18. Qxb3 Nxb3 19. Rb1 Nb6 20. Be3 cxd5 21. Nxd5 Nxd5 22. Rxd5 b6 {
1/2-1/2 Kasimdzhanov,R-Sutovsky,E/Batumi 2001/ (68)}) (14. Be2 Nc5 15. Qc2 Qb4
16. Be3 Bxc3 17. Rac1 Bd4 18. Bxd4 Qxd4 19. Qxc5 Qxb2 20. Bf3 b6 21. Qxe7 Rfe8
22. Qd7 Red8 23. Qc7 Qxa2 24. e5 {1-0 Bareev,E-Lalic,B/Jahorina 2003/ (50)})
14... Qxb2 15. Rfc1 Bxc3 16. Rab1 b5 (16... Nb6 17. Bxb6 axb6 18. Rxb2 Bxb2 19.
Rd1 cxd5 20. exd5 Be5 21. Bg4 Bd6 22. Qb5 {1-0 Khalifman,A-Vokarev,S/Togliatti
2003/ (43)}) 17. Rxb2 bxa4 18. Rxc3 cxd5 19. exd5 Rac8 20. Rbc2 Nb6 21. Rc7
Nac4 22. Rxe7 Nxe3 23. Rxc8 Nxc8 24. Rxe3 Rd8 25. h4 Nb6 26. Kh2 Kg7 27. Re7 {
1/2-1/2 Babula,V-Mirumian,V/Olomouc 1998/ (27)}) (13. Qxb6 axb6 14. dxc6 bxc6
15. Rb1 Rfd8 16. Be2 Nd7 17. Be3 b5 18. Rfc1 Nc4 19. Bxc4 bxc4 20. b3 Ra3 21.
Kf1 Ne5 {0-1 Kaspi,A-Sutovsky,E/Ramat Aviv/Modiin 2000/ (66)}) 13... Nc4 (13...
Rfe8 14. Qa3 Nc4 15. Qb3 Qxb3 16. axb3 Ne5 17. Be2 $16) 14. dxc6 bxc6 15. Bf4 (
15. a3 a5 16. Na4 Qb5 17. Nc3 Qb6 $11) 15... Rfe8 16. Qc7 Qxc7 17. Bxc7 Nd7 {
Black has many possibilities in this phase and counterplay against b2
promisses good chances for the equality.} (17... Rac8 18. Bg3 Nxb2 19. Rab1 Nc4
20. Rfd1 Nh5 21. Bxh5 gxh5 22. Rb4 Nb6 $13) 18. Rad1 (18. Rab1 Rac8 19. Bf4 Nc5
$11) 18... Nde5 (18... Nc5 $5 19. e5 (19. Bd6 Ne6 20. e5 Bxe5 21. Bxe5 Nxe5 22.
Be4 Rad8 $11) 19... Ne6 20. Bxc6 Nxc7 21. f4 Nxb2 22. Rd2 Nc4 23. Rd7 $11) 19.
Na4 Nxf3+ 20. gxf3 Nxb2 (20... Bxb2 21. Nxb2 Nxb2 22. Rd7 $14) 21. Nxb2 Bxb2
22. Rd7 Ba3 (22... c5 23. Rb1 Bd4 24. Rb7 f5 25. e5 f4 26. Bd6 $14) 23. Rb1 Re7
24. Rxe7 Bxe7 25. Rb7 a5 {Black sits in an endgame, that is uncomfortable due
to very active white pieces.} (25... Bc5 26. Be5 (26. Bf4 Re8 27. Be3 Bxe3 28.
fxe3 a5 29. Kf2 Re5 $11) 26... Re8 27. Bf6 Bb6 28. Kf1 c5 29. Ke2 c4 30. Bc3
$14) 26. Kf1 a4 27. Ke2 Kf8 28. Kd3 Bc5 29. Kc4 $6 (29. Bg3 Rd8+ 30. Kc4 Be7
31. Ra7 $14) 29... Ba7 $2 {It is not easy to guess what made both players
ignore the move 29...Bxf2. Flumbort's retreat is very passive, indeed suicidal.
} (29... Bxf2 30. Bd6+ Kg8 31. Rc7 Ra6 32. Bc5 Bxc5 33. Kxc5 Ra5+ 34. Kxc6 Rh5
35. Ra7 Rxh2 36. Rxa4 $11) 30. Bg3 $1 Kg7 31. Rb4 (31. Rb4 Rd8 32. Rxa4 Rd4+
33. Kb3 Rxa4 34. Kxa4 $16) 1-0

[Event "EU-Cup 18th"]
[Site "Kallithea"]
[Date "2002.09.26"]
[Round "5.6"]
[White "Lugovoi, Aleksei"]
[Black "Tseitlin, Mark D"]
[Result "1-0"]
[WhiteElo "2516"]
[BlackElo "2472"]
[Annotator "Hecht,H"]
[PlyCount "127"]
[EventDate "2002.09.22"]
[EventType "team-swiss"]
[EventRounds "7"]
[EventCountry "GRE"]
[SourceTitle "CBM 092"]
[Source "ChessBase"]
[SourceDate "2003.02.06"]
[SourceVersion "1"]
[SourceVersionDate "2003.02.06"]
[SourceQuality "1"]
[WhiteTeam "Kiseljak"]
[BlackTeam "Beer Sheva"]
[WhiteTeamCountry "BIH"]
[BlackTeamCountry "ISR"]

1. d4 Nf6 2. c4 g6 3. Nc3 d5 4. Nf3 Bg7 5. Qb3 dxc4 6. Qxc4 O-O 7. e4 Nc6 8.
Be2 Bg4 9. d5 Na5 10. Qa4 Bxf3 11. Bxf3 c6 12. O-O b5 13. Qb4 a6 14. Be3 Nd7
15. Rad1 c5 16. Bxc5 Nxc5 17. Qxc5 Rc8 18. Qa7 Nc4 19. d6 exd6 20. Qxa6 Bxc3
21. bxc3 Qd7 22. e5 Rb8 23. Bc6 Qd8 24. Bd5 Rb6 25. Qa7 Nxe5 26. Rfe1 Nc6 27.
Qa3 Qf6 28. Qb3 Ne7 29. Bf3 Rc8 30. Re3 Rc4 31. g3 Nf5 32. Red3 Kg7 33. Bd5 Rc5
34. a4 Qd8 35. Rb1 Qf6 36. axb5 Rcxb5 37. Qxb5 Rxb5 38. Rxb5 {[#] Der weiße
Vorteil stützt sich auf den Umstand, den Bd6 doppelt direkt und mit dem
Läuferangriff auf den Springer ein weiteres Mal indirekt angreifen zu können.}
Qe5 39. Rb1 h5 40. h4 Qe2 41. Rbd1 Qe5 42. Bf3 Qc5 43. Bd5 Ne7 44. Bg2 Nf5 45.
Bh3 {[%csl Rd6][%cal Rh3f5]} Nh6 46. Re3 {Umgruppierung der Türme mit dem Ziel,
dem Hintermann die Deckung des Bc3 zuzuweisen.} Qc7 47. Rd4 Qc5 48. Red3 Qe5
49. Kf1 Ng8 50. Rxd6 Nf6 51. R6d4 Qb5 (51... Ne4 52. Re3 f5 53. Bg2 Qb5+ 54. c4
Qb1+ 55. Re1 Qb6 56. Rd7+ Kf6 57. Bxe4 fxe4 58. Rxe4 $18) 52. c4 Qb7 53. Bg2
Qb1+ 54. Rd1 Qc2 55. Bf3 Ng8 56. Re1 Nh6 57. Rf4 Nf5 58. Rd1 Kh6 59. Rd7 f6 60.
Re4 {[%cal Re4e8,Re8h8]} g5 61. hxg5+ Kxg5 62. Rd5 Kg6 63. Rf4 Qb1+ (63... Qc1+
64. Rd1 Qc2 65. Bxh5+ Kxh5 66. Rd5 $18) 64. Kg2 1-0

[Event "Biel GM 48th"]
[Site "Biel"]
[Date "2015.07.30"]
[Round "10"]
[White "Wojtaszek, Radoslaw"]
[Black "Navara, David"]
[Result "1/2-1/2"]
[WhiteElo "2733"]
[BlackElo "2724"]
[Annotator "Krasenkow,M"]
[PlyCount "83"]
[EventDate "2015.07.20"]
[EventType "tourn"]
[EventRounds "10"]
[EventCountry "SUI"]
[EventCategory "19"]
[SourceTitle "CBM 168"]
[Source "ChessBase"]
[SourceDate "2015.09.14"]
[SourceVersion "1"]
[SourceVersionDate "2015.09.14"]
[SourceQuality "1"]

1. d4 Nf6 2. c4 g6 3. Nc3 d5 4. Nf3 Bg7 5. Qb3 dxc4 6. Qxc4 O-O 7. e4 Bg4 8.
Be3 Nfd7 9. Nd2 {A continuation, taken out from the past. It was played at the
dawn of the Smyslov System, in the 1948 World Championship, when Botvinnik
opposed the author of the system. And now it re-emerges in modern practice.}
Na6 (9... Nb6 {looks more natural:} 10. Qc5 {is the modern approach. Quite
surprisingly, several correspondence games have shown that Black faces some
problems in that case:} (10. Qd3 {was played by Botvinnik, and that is
harmless, indeed:} c6 (10... f5 $5 11. f3 fxe4 12. Ndxe4 (12. fxe4 $2 Nc6 13.
Nb3 a5 14. Be2 Bxe2 15. Nxe2 Ne5 16. Qc3 Nec4 $36 17. Bf2 {1-0 (26) Vokoun,
J-Skacel,B Harrachov 1970} Rxf2 $1 18. Kxf2 e5 $40) 12... Bf5 $11) (10... Nc6
11. Nb3 (11. d5 $5 Ne5 12. Qc2 $13) 11... a5 12. a4 Nb4 (12... f5 $1 $36) 13.
Qd2 c6 14. Rc1 Be6 15. Nc5 Bc4 16. Be2 Bxe2 17. Nxe2 Qc7 18. O-O Rfd8 $11 {
1/2 (26) Fredouille,P-Chaude de Silans,C Besancon 1949}) 11. f3 $6 (11. h3 $5
Be6 12. Be2 Na6 13. a3 f5 $132) 11... Be6 12. Rd1 Na6 13. a3 Qd7 14. Qc2 Bxd4
$15 {Botvinnik} (14... Nc7 $143 15. Nb3 Bc4 16. Be2 Bxe2 17. Qxe2 Rad8 18. O-O
Qe6 19. Nc5 Qc8 20. Kh1 Nd7 21. Nb3 $14 {1/2 (79) Botvinnik,M-Smyslov,V The
Hague/Moscow 1948 MainBase [Schluricke]})) 10... c6 11. h3 $5 (11. f3 $143 Be6
12. O-O-O f5 13. e5 N8d7 14. Qa3 Nd5 15. Nxd5 Bxd5 16. h4 h6 17. Nb1 Nb6 18.
Nc3 Be6 19. Kb1 Qd7 20. Bd3 Nd5 $13 {1/2 (57) Bukavshin,I (2655)-Svidler,P 
(2739) Chita RUS 2015}) 11... Be6 12. Be2 Qd6 (12... a5 13. Rd1 Nc8 14. d5 cxd5
15. exd5 Bf5 16. O-O Na6 17. Bxa6 Rxa6 18. Rfe1 Nd6 19. Nc4 Re8 20. Nxd6 exd6
21. Qb5 Qd7 22. Qb3 $14 {1-0 (37) Jarabinsky,M (2164)-Rovchakov,V (2020)
Lechenicher SchachServer 2012}) 13. Nb3 N8d7 14. Qxd6 exd6 15. Na5 Rab8 16. Bf4
Nc8 17. Rd1 f5 18. Bh2 f4 19. d5 cxd5 20. exd5 Bf5 21. Bxf4 Be4 22. Nxe4 Rxf4
23. f3 Bxb2 24. Nc4 $14 {1-0 (52) Ivanov,V (2271)-Schenning,A (2084)
Lechenicher SchachServer 2012}) {Since the text move is even less convincing,
the ball is in Black's court in this line.} 10. h3 $146 (10. f3 {is less
appropriate but even then Black can hardly equalise:} Nb6 (10... c5 $5 {
[%cal Rd7b6]} 11. d5 $1 Nb6 12. Qb3 Bd7 13. Bxa6 bxa6 14. O-O $14) 11. Qb3 Be6
(11... Bc8 12. Bxa6 bxa6 13. Ne2 $14) 12. d5 Bd7 13. a4 (13. Rd1 $5) 13... e6
$1 (13... c6 14. a5 cxd5 15. exd5 Nc8 16. Qxb7 Nc7 17. Nde4 $14) 14. a5 exd5
15. exd5 Re8 16. Nce4 Ba4 17. Rxa4 Nxa4 18. Qxa4 f5 19. Bb5 fxe4 20. Bxe8 Qxe8
21. Qxe8+ Rxe8 22. fxe4 Bxb2 23. Ke2 Bc3 {1/2 (28) Van den Broeck,H-Witkowski,
S Munich 1958} 24. Nc4 $1 $14) 10... Nb6 11. Qb3 Be6 (11... Bc8 12. Nf3 $14 {
- one of the reasons why h2-h3 is better than f2-f3.}) 12. d5 Bd7 13. Bxa6 (13.
a4 $5) 13... bxa6 14. O-O $14 {Black's bishop pair doesn't fully compensate
for the destruction of his pawn structure.} c6 15. dxc6 Bxc6 16. Rfd1 Qc7 17.
Rac1 Qb7 $6 (17... Rab8 $5) 18. Qb4 Rab8 19. Nb3 Qa8 20. Qxe7 Rfe8 21. Qg5 h6
22. Qg3 Na4 (22... Bxe4 23. Nc5 {with strong pressure.}) 23. Nd5 Nxb2 24. Rd2
Bxd5 25. exd5 {Black has regained the pawn but his doubled a-pawns are of
little value so White is almost a pawn up anyway.} Rbc8 26. Nc5 Re4 (26... Na4
27. d6 Nxc5 28. Rxc5 {is hopeless, too.}) 27. d6 Rc4 28. Rb1 R8xc5 29. Bxc5 $18
Qe4 30. Rf1 $6 {White starts playing too cautiously, missing decisive
continuations several times.} (30. d7 $142 Qxb1+ 31. Kh2 Bf6 (31... Rxc5 32.
d8=Q+ Kh7 33. Rd7 Rc1 34. Qf4 $18) 32. d8=Q+ Bxd8 33. Rxd8+ Kh7 34. Qe5 $18)
30... Rxc5 31. d7 Bf6 32. Rxb2 $2 {This knight is out of play; it was more
important to eliminate the bishop:} (32. d8=Q+ Bxd8 33. Rxd8+ Kh7 34. Qd6 Rg5
35. g4 $1 $18 {[%cal Rd6f6]}) 32... Rg5 $132 33. Qb8+ Kg7 34. g3 $2 (34. Qb7 $5
{was already too difficult to find under time pressure. White has a decisive
advantage, e.g.} Qd4 35. Rbb1 Rd5 36. Qb3 $1 ({but not} 36. Rbd1 Qxd1 37. Rxd1
Rxd1+ 38. Kh2 Bd8 39. Qxa7 $140 Rd6 {, and White can hardly win.}) 36... Qc5
37. Rfd1 Bd4 38. Rd2 Rxd7 39. Rbd1 $18 {[%cal Rb3a4]}) 34... Qd4 35. Rb4 $2 (
35. Rb7 $142 {with the following possible line:} h5 (35... Be5 36. d8=Q Rxg3+
37. Kh2 Rd3+ 38. Kg2 Qe4+ 39. f3 Qe2+ 40. Rf2) 36. Rc1 $1 (36. h4 $2 Be5) 36...
h4 37. g4 $1 Rxg4+ 38. hxg4 Qxg4+ 39. Kh2 Qd4 40. d8=Q Qxf2+ 41. Kh1 Qf3+ 42.
Kg1 Qe3+ 43. Kf1 Qxc1+ 44. Ke2 Bxd8 45. Qxd8 {with good winning chances for
White. Of course, no one can calculate such a line over the board.}) 35... Qxd7
{The most dangerous pawn has fallen, White's king is unsafe; not surprisingly,
White fails to convert his remaining material advantage.} 36. h4 Rf5 37. Rbb1
Qd2 38. Rbd1 Qxa2 39. Qxa7 Qc4 40. Qe3 a5 41. Qd3 Qxd3 42. Rxd3 1/2-1/2

[Event "Corus"]
[Site "Wijk aan Zee"]
[Date "2009.01.31"]
[Round "12"]
[White "Aronian, Levon"]
[Black "Morozevich, Alexander"]
[Result "1/2-1/2"]
[WhiteElo "2750"]
[BlackElo "2771"]
[Annotator "Krasenkow,M"]
[PlyCount "87"]
[EventDate "2009.01.17"]
[EventType "tourn"]
[EventRounds "13"]
[EventCountry "NED"]
[EventCategory "19"]
[SourceTitle "CBM 129"]
[Source "ChessBase"]
[SourceDate "2009.03.25"]
[SourceVersion "1"]
[SourceVersionDate "2009.03.25"]
[SourceQuality "1"]

1. d4 Nf6 2. c4 g6 3. Nc3 d5 4. Nf3 Bg7 5. Qb3 dxc4 6. Qxc4 O-O 7. e4 Bg4 8.
Be3 Nfd7 9. O-O-O a6 {A rare move but its idea is logical: ...b7-b5 etc.
attacking the white king. The most popular continuations are:} (9... Nb6) ({and
} 9... Nc6) ({praxis has also seen} 9... c6) (9... e5) ({and even} 9... Na6)
10. h3 Bxf3 11. gxf3 b5 12. Qb3 c5 $146 {[%mdl 8]} (12... Nc6 {is probably too
slow:} 13. h4 (13. f4 $5 Nb6 14. e5 Na5 15. Qb4 Nac4 16. Bg2 c6 $1 17. Bxc6 (
17. Kb1 {1/2 Sosonko,G (2575)-Dzindzichashvili,R (2550)/Tilburg 1978/MCL/
[Ftacnik]}) 17... Rc8 18. d5 (18. Bb7 Rc7 19. Bxa6 Nxb2 $1 20. Kxb2 Rxc3 $1)
18... Qc7 19. Kb1 e6 {L.Ftacnk} 20. Bxb6 Qxb6 21. Ne4 Na5 22. Bd7 Rc4 23. Qd6 {
- White keeps serious pressure.}) 13... Nb6 14. e5 Na5 15. Qb4 Nac4 16. Bxc4 (
16. h5 $142 $1 $36) 16... Nxc4 17. f4 Qd7 18. h5 c6 19. f5 $6 Qxf5 20. hxg6
fxg6 21. Qxe7 c5 $132 {1-0 Gulko,B (2435)-Tseshkovsky,V (2545)/Leningrad 1974/
URS-ch (35)}) (12... e6 $5 13. h4 (13. d5 $5) 13... c5 14. dxc5 Qe7 15. Kb1 Rc8
16. Rc1 Nxc5 17. Qd1 Nbd7 18. Bg2 Rc7 19. f4 Rac8 20. h5 Nb6 21. hxg6 hxg6 22.
e5 Nc4 $13 {1/2 Traito,K-Epishin,V (2400)/Leningrad 1987/EXT 2002 (33)}) 13.
dxc5 e6 14. f4 (14. h4 {leads to Traito-Epishin. Levon Aronian is trying
another plan.}) 14... Qe7 15. Rd6 (15. Qa3 Nc6 {[%cal Rb5b4]}) 15... Rc8 16. e5
Nxc5 17. Bxc5 Rxc5 18. Kb1 Rc8 {[%cal Ya8a7,Ya7c7]} (18... Ra7 19. Bg2 Rac7 20.
Rhd1 {[%cal Rd6d8]}) (18... Nd7 $5 19. Bg2 Rac8 20. Rxa6 Qh4 $132) 19. h4 (19.
Bg2 $5 Ra7 20. h4) 19... Qb7 20. Rg1 Qf3 21. Bg2 $2 {Giving up material, after
which White must fight for survival.} (21. Nd5 $6 Qxb3 22. Ne7+ Kh8 $1 (22...
Kf8 $4 23. Nxc8 $18) 23. axb3 Rf8 $15 {[%csl Rf4]}) (21. Qc2 $1 {was a hidden
way to indirectly protect everything:} Bf8 $1 (21... Qxf4 $6 22. Nd5 $1 Rxc2
23. Rd8+ Bf8 24. Nxf4 Rxf2 25. Nd3 Rh2 26. Bg2 $16) (21... Ra7 22. Qd2 $14) 22.
Bg2 Qg4 $1 23. Rd3 (23. Qc1 Ra7 24. Qe3 $5 Bxd6 25. Qxa7 Bb4 $13) 23... Ra7 24.
Ne4 $1 Rxc2 25. Nf6+ Kg7 26. Nxg4 Rc8 27. h5 $36) 21... Qxf2 22. Qd1 Ra7 23.
Ne4 Qxh4 24. Qd4 {Of course, White has some compensation for 2 sacrificed
pawns but it is hardly enough to keep the balance.} Rac7 25. Nf6+ Bxf6 26. exf6
Rf8 27. b3 Qh5 28. Rd1 Qf5+ 29. Ka1 h5 30. Rd8 Rc8 31. Rd6 a5 $6 {Black's best
winning chance was to exchange queens:} (31... Qc2 {[%cal Yc2c3] or even}) (
31... Kh7 32. Be4 (32. Bb7 Rc7) 32... Qc5 33. Qxc5 Rxc5 {[%cal Yh7h6,Yh5h4]})
32. Bb7 $1 Rce8 (32... Rc7 33. Rd8) 33. Re1 b4 34. Kb2 Qh3 (34... h4 $5 {
was the only possibility to make progress. If White removes his rook from e1,
Black can push ...e6-e5.}) 35. Re5 a4 36. Qxb4 axb3 37. axb3 Rd8 38. Rxd8 Rxd8
39. Re2 $2 (39. Qe7 Qd3 40. Rd5 exd5 41. Qxd8+ Kh7 42. Qxb8 Qd2+ $11) 39... Qf5
$2 {Returning the favour.} (39... Qd3 $17 40. Rc2 $140 Nd7 $1 41. Rd2 $2 Nc5 $1
) 40. Qe7 Qd3 41. Rc2 Qd4+ 42. Ka2 h4 43. Rc7 Qd2+ 44. Ka3 (44. Ka3 Qa5+ 45.
Kb2 Qd2+ $11 (45... Rd2+ $4 46. Kc1)) 1/2-1/2